Welcome to the Holygrace Academy Library

Please use search bar below to get started

DICTIONARY OF MATHEMATICS (Record no. 1312)

MARC details
000 -LEADER
fixed length control field 00425nam a22001577a 4500
020 ## - INTERNATIONAL STANDARD BOOK NUMBER
ISBN 81-8030-059-5
082 ## - DEWEY DECIMAL CLASSIFICATION NUMBER
Classification number 503
Item number US/D
100 ## - MAIN ENTRY--AUTHOR NAME
Personal name RUSSEL, JOHN
245 ## - TITLE STATEMENT
Title DICTIONARY OF MATHEMATICS
Remainder of title MATHEMATICS
246 ## - VARYING FORM OF TITLE
Title proper/short title DICTIONARY OF MATHEMATICS
Remainder of title MATHEMATICS
260 ## - PUBLICATION, DISTRIBUTION, ETC. (IMPRINT)
Place of publication DELHI
Name of publisher CAMPUS BOOKS INTERNATIONAL
Year of publication 2004
300 ## - PHYSICAL DESCRIPTION
Number of Pages 230
520 ## - SUMMARY, ETC.
Summary, etc MATHMEMATICS DICTIONARY
650 ## - SUBJECT ADDED ENTRY--TOPICAL TERM
Topical Term MATHMEMATICS DICTIONARY
942 ## - ADDED ENTRY ELEMENTS (KOHA)
Koha item type Books
Holdings
Withdrawn status Lost status Collection code Home library Current library Shelving location Date acquired Source of acquisition Cost, normal purchase price Full call number Accession Number Koha item type
    Reference Main Library Main Library SHELF-5 B REFERENCE MATHS 10/10/2006 Purchase 110.00 503 US/D 02837 Books